000
00234 a2200097 4500
001
29500
100
_a
Gilani
245
_a
Reconstruction of legal thought in Islam
260
_a
_b
Adara-e-Tarjaman-ul-Quran
_c
090
_c
19678
_d
19678
942
_a
NUST-CAE
_c
M
_c
10755
999
_c
264573
_d
264573